[Event "2BLO 2122 Nickelhütte Aue - SG 1871 Lo"]
[Site "?"]
[Date "2022.05.15"]
[Round "6.5"]
[White "Boehm, Christian"]
[Black "Bulockin, Martin"]
[Result "0-1"]
[WhiteElo "2063"]
[BlackElo "2292"]
[PlyCount "116"]
[EventDate "2022.??.??"]

1. Nf3 c5 2. g3 Nc6 3. Bg2 g6 4. O-O Bg7 5. d3 d6 6. c4 e5 7. Nc3 Nge7 8. a3
O-O 9. Rb1 a5 10. Ne1 Be6 11. Nc2 d5 12. cxd5 Nxd5 13. Nxd5 Bxd5 14. Bxd5 Qxd5
15. Ne3 Qe6 16. Bd2 Rfd8 17. a4 e4 18. Bc3 Bd4 19. Nc4 exd3 20. exd3 Qf5 21.
Ne3 Qf6 22. Ng4 Qd6 23. Qf3 Kg7 24. Kg2 Rab8 25. Qf4 f5 26. Qh6+ Kg8 27. Ne3
Ne5 28. Rbd1 Qc6+ 29. f3 Re8 30. Bxd4 cxd4 31. Nc4 Nxf3 32. Kf2 Ne5 33. Nxe5
Rxe5 34. Rfe1 Rbe8 35. Rxe5 Rxe5 36. Rc1 Rc5 37. Rxc5 Qxc5 38. Qd2 Kf7 39. Kg2
Qc6+ 40. Kh3 Qxa4 41. Qh6 Kg8 42. Qf4 Qd7 43. Qb8+ Kf7 44. Qe5 a4 45. Qb8 Ke6
46. Qg8+ Kf6 47. Qh8+ Kg5 48. Qe5 b5 49. Kg2 Kh6 50. h4 Qc6+ 51. Kh2 Qc2+ 52.
Kh3 Qc1 53. Kg2 Qxb2+ 54. Kf3 Qc1 55. Kg2 a3 56. Qf6 a2 57. Qf8+ Kh5 58. Qf7
a1=Q 0-1

[Event "2BLO 2122 Nickelhütte Aue - SG 1871 Lo"]
[Site "?"]
[Date "2022.05.15"]
[Round "6.6"]
[White "Solberg, Joachim"]
[Black "Proehl, Holger"]
[Result "1/2-1/2"]
[WhiteElo "2189"]
[BlackElo "2332"]
[PlyCount "80"]
[EventDate "2022.??.??"]

1. e4 d5 2. exd5 Qxd5 3. Nc3 Qd6 4. d4 Nf6 5. Nf3 Bg4 6. h3 Bh5 7. g4 Bg6 8.
Ne5 Nd5 9. Bg2 Nxc3 10. bxc3 Nc6 11. Nxc6 bxc6 12. Qf3 Rb8 13. Qxc6+ Qxc6 14.
Bxc6+ Kd8 15. Ba4 h5 16. g5 e6 17. h4 Bd6 18. O-O Ke7 19. Be3 Rb2 20. c4 Rb4
21. Bb3 c6 22. f4 Rc8 23. c5 Bc7 24. Rae1 Kf8 25. c3 Rbb8 26. c4 Ba5 27. Rd1
Bb4 28. d5 cxd5 29. cxd5 Bxc5 30. Bxc5+ Rxc5 31. dxe6 fxe6 32. Bxe6 Rb2 33. f5
Be8 34. f6 Rcc2 35. Bd5 Rb4 36. f7 Rg4+ 37. Kh1 Rxh4+ 38. Kg1 Rg4+ 39. Kh1 Rh4+
40. Kg1 Rg4+ 1/2-1/2

[Event "2BLO 2122 Nickelhütte Aue - SG 1871 Lo"]
[Site "?"]
[Date "2022.05.15"]
[Round "6.7"]
[White "Deutsch, Joey"]
[Black "Heinz, Juergen"]
[Result "1/2-1/2"]
[WhiteElo "1942"]
[BlackElo "2169"]
[PlyCount "40"]
[EventDate "2022.??.??"]

1. Nf3 Nf6 2. c4 c5 3. Nc3 g6 4. d4 cxd4 5. Nxd4 Bg7 6. e4 d6 7. Be2 Nc6 8. Be3
O-O 9. O-O Nxd4 10. Bxd4 Bd7 11. Qd2 Bc6 12. f3 Nd7 13. Be3 a6 14. Rac1 Rc8 15.
Nd5 f5 16. Nf4 Rf6 17. exf5 gxf5 18. Nh5 Rg6 19. Nf4 Rf6 20. Nh5 Rg6 1/2-1/2

[Event "2BLO 2122 Nickelhütte Aue - SG 1871 Lo"]
[Site "?"]
[Date "2022.05.15"]
[Round "6.8"]
[White "Poessel, Christian"]
[Black "Schaefer, Reyk"]
[Result "1/2-1/2"]
[WhiteElo "2007"]
[BlackElo "2113"]
[PlyCount "38"]
[EventDate "2022.??.??"]

1. d4 Nf6 2. c4 g6 3. Nc3 d5 4. Nf3 Bg7 5. Bf4 O-O 6. e3 c5 7. dxc5 Ne4 8. Rc1
Nd7 9. cxd5 Qa5 10. Nd2 Nxc3 11. bxc3 Nxc5 12. f3 Bxc3 13. Qc2 Na4 14. Bc4 Bd7
15. e4 Rac8 16. Ke2 b5 17. Nb3 Qb6 18. Be3 Qb8 19. Bd3 Bb4 1/2-1/2

[Event "2BLO 2122 SC Bavaria Regensburg 1881 - "]
[Site "?"]
[Date "2022.05.15"]
[Round "6.1"]
[White "Sedlak, Nikola"]
[Black "Kaczur, Florian"]
[Result "1/2-1/2"]
[WhiteElo "2476"]
[BlackElo "2477"]
[PlyCount "83"]
[EventDate "2022.??.??"]

1. e4 e5 2. Bc4 Nf6 3. d3 Nc6 4. Nc3 Na5 5. Qf3 Be7 6. Nge2 d6 7. h3 O-O 8. O-O
Re8 9. Ng3 h6 10. Rd1 c6 11. a4 Nxc4 12. dxc4 Be6 13. b3 Qc8 14. Rd3 Rd8 15.
Ba3 Ne8 16. Rad1 g6 17. Qe3 Bg5 18. Qe2 Qc7 19. Bc1 b6 20. Nf1 Qe7 21. Nh2 Kh7
22. Nf3 Bf6 23. Qd2 Bg7 24. Ba3 c5 25. Nb5 Qb7 26. Qe2 Qc6 27. Nc3 a6 28. Bc1
Rd7 29. h4 Nf6 30. Nd5 b5 31. axb5 axb5 32. cxb5 Qxb5 33. Nxf6+ Bxf6 34. h5 g5
35. c4 Qc6 36. Nh2 Ra1 37. Nf1 Be7 38. Ng3 Bf8 39. Kh2 Qa8 40. Bb2 Rxd1 41.
Qxd1 Qc6 42. f3 1/2-1/2

[Event "2BLO 2122 SC Bavaria Regensburg 1881 - "]
[Site "?"]
[Date "2022.05.15"]
[Round "6.2"]
[White "Schneider, Jana"]
[Black "Delchev, Aleksander"]
[Result "1/2-1/2"]
[WhiteElo "2303"]
[BlackElo "2492"]
[PlyCount "72"]
[EventDate "2022.??.??"]

1. e4 e5 2. Nf3 Nc6 3. Bb5 a6 4. Ba4 g6 5. O-O Bg7 6. c3 b5 7. Bb3 d6 8. h3 Nf6
9. d4 exd4 10. cxd4 O-O 11. Re1 Na5 12. Bc2 Bb7 13. Bg5 h6 14. Bd2 Nc4 15. Bc3
c5 16. b3 cxd4 17. Nxd4 Ne5 18. a4 Qb6 19. Nd2 Rac8 20. Bb2 Nh5 21. axb5 axb5
22. Nf1 Nf4 23. Bb1 Rfe8 24. Qd2 Nxh3+ 25. gxh3 Qxd4 26. Bxd4 Nf3+ 27. Kg2 Nxd2
28. Bxg7 Nxb1 29. Bxh6 Rxe4 30. Rxe4 Bxe4+ 31. f3 Bd3 32. Ne3 Nc3 33. Ra7 Bf5
34. Nxf5 gxf5 35. Rd7 Rc6 36. Bf4 d5 1/2-1/2

[Event "2BLO 2122 SC Bavaria Regensburg 1881 - "]
[Site "?"]
[Date "2022.05.15"]
[Round "6.3"]
[White "Stojanovic, Dalibor"]
[Black "Kilgus, Georg"]
[Result "1/2-1/2"]
[WhiteElo "2479"]
[BlackElo "2385"]
[PlyCount "58"]
[EventDate "2022.??.??"]

1. e4 e5 2. Nf3 Nc6 3. Bc4 Bc5 4. d3 Nf6 5. Nc3 h6 6. a3 a6 7. h3 d6 8. Be3
Bxe3 9. fxe3 O-O 10. O-O b5 11. Bb3 Be6 12. Qe1 Bxb3 13. cxb3 b4 14. Nd5 Nxd5
15. exd5 Ne7 16. e4 c6 17. dxc6 Nxc6 18. Qe3 Rb8 19. a4 Qb6 20. Qxb6 Rxb6 21.
Rac1 Na5 22. Nd2 Rc6 23. Rxc6 Nxc6 24. Rc1 Rc8 25. Nf3 Ne7 26. Rxc8+ Nxc8 27.
d4 f6 28. g4 Ne7 29. d5 Kf7 1/2-1/2

[Event "2BLO 2122 SC Bavaria Regensburg 1881 - "]
[Site "?"]
[Date "2022.05.15"]
[Round "6.4"]
[White "Pezelj, Novak"]
[Black "Bogosavljevic, Boban"]
[Result "1-0"]
[WhiteElo "2465"]
[BlackElo "2527"]
[PlyCount "91"]
[EventDate "2022.??.??"]

1. d4 Nf6 2. c4 d6 3. Nc3 e5 4. Nf3 Nbd7 5. g3 g6 6. b3 Bg7 7. Bg2 O-O 8. O-O
Re8 9. Bb2 h6 10. e3 a6 11. Qc2 c6 12. Rac1 e4 13. Nd2 d5 14. cxd5 cxd5 15. Ne2
Nb8 16. h3 Nc6 17. Ba3 h5 18. Nb1 Bf5 19. Nbc3 Rc8 20. Qd2 b5 21. Bc5 Qd7 22.
Kh2 Nd8 23. a4 Ne6 24. axb5 axb5 25. b4 Ng5 26. Ng1 Nf3+ 27. Bxf3 exf3 28. Qd1
g5 29. Qxf3 g4 30. hxg4 hxg4 31. Qe2 Rc6 32. Qxb5 Ne4 33. Kg2 Nxc3 34. Rxc3
Be4+ 35. f3 gxf3+ 36. Nxf3 Ra8 37. Ba7 Rxa7 38. Qxc6 Ra2+ 39. Kg1 Qxc6 40. Rxc6
f6 41. Rf2 Ra1+ 42. Kg2 Re1 43. Rc3 Bh6 44. Kh3 Rh1+ 45. Nh2 Kg7 46. Rf1 1-0

[Event "2BLO 2122 SC Bavaria Regensburg 1881 - "]
[Site "?"]
[Date "2022.05.15"]
[Round "6.5"]
[White "Popovic, Dusan"]
[Black "Goldbeck, Lars"]
[Result "1-0"]
[WhiteElo "2480"]
[BlackElo "2213"]
[PlyCount "49"]
[EventDate "2022.??.??"]

1. Nf3 d5 2. g3 Nf6 3. Bg2 e6 4. O-O c5 5. c4 d4 6. e3 Nc6 7. d3 h6 8. exd4
cxd4 9. Bf4 Bd6 10. Bxd6 Qxd6 11. Nbd2 O-O 12. a3 a5 13. Qc2 e5 14. c5 Qe7 15.
Rfe1 Re8 16. Rac1 Bf5 17. Qb1 Qc7 18. Nc4 Bh7 19. Nd6 Re7 20. b4 axb4 21. axb4
Ra4 22. b5 Rb4 23. Qa1 Nd8 24. Qa3 Nd5 25. Nxe5 1-0

[Event "2BLO 2122 SC Bavaria Regensburg 1881 - "]
[Site "?"]
[Date "2022.05.15"]
[Round "6.6"]
[White "Ganaus, Hannes"]
[Black "Dudin, Gleb"]
[Result "0-1"]
[WhiteElo "2258"]
[BlackElo "2473"]
[PlyCount "94"]
[EventDate "2022.??.??"]

1. d4 Nf6 2. Nf3 e6 3. a3 b6 4. c4 Bb7 5. Nc3 Ne4 6. Nxe4 Bxe4 7. e3 Be7 8. Bd3
Bxd3 9. Qxd3 O-O 10. b3 d6 11. Bb2 Nd7 12. O-O a5 13. Rfd1 Qc8 14. Qc2 Qb7 15.
d5 e5 16. e4 Rfc8 17. a4 Nc5 18. Kh1 Rf8 19. g4 c6 20. Rg1 cxd5 21. exd5 f5 22.
g5 Qd7 23. Ba3 Ne4 24. Rg2 g6 25. Rag1 Qd8 26. Bc1 Rf7 27. Ne1 Bf8 28. f3 Nc5
29. h4 Qd7 30. Nd3 Bg7 31. Nf2 Re8 32. Re1 Rfe7 33. Re2 e4 34. f4 e3 35. Nd1
Bd4 36. Rg3 Re4 37. Rf3 Qg7 38. Kg2 h6 39. Bxe3 Qh8 40. Re1 Qh7 41. Qb1 Kf7 42.
Bxd4 Rxe1 43. Bf2 hxg5 44. fxg5 R8e2 45. Rf4 Qh8 46. Kf3 Qh5+ 47. Kg2 Rxd1 0-1

[Event "2BLO 2122 SC Bavaria Regensburg 1881 - "]
[Site "?"]
[Date "2022.05.15"]
[Round "6.7"]
[White "Krstic, Petar"]
[Black "Kleibel, Uwe"]
[Result "1-0"]
[WhiteElo "2296"]
[BlackElo "2195"]
[PlyCount "101"]
[EventDate "2022.??.??"]

1. e4 c6 2. Nf3 d5 3. exd5 cxd5 4. Ne5 Nc6 5. d4 e6 6. Nxc6 bxc6 7. c4 Bd6 8.
Nd2 Ne7 9. Bd3 a5 10. O-O O-O 11. Qc2 Nf5 12. Nf3 dxc4 13. Be4 Qb6 14. Rd1 Qa6
15. Ne5 Bxe5 16. dxe5 Bb7 17. Bxf5 exf5 18. Qxf5 Bc8 19. Qg5 Be6 20. Qg3 Kh8
21. Bg5 Qb6 22. Rd2 Bd5 23. Re1 Rae8 24. Be3 Qb4 25. a3 Qe7 26. Bd4 Qe6 27. Re3
Qg6 28. Qxg6 hxg6 29. Bc5 Kg8 30. Bxf8 Kxf8 31. f4 Ke7 32. g4 Ke6 33. Kf2 Rb8
34. Kg3 a4 35. Rf2 Ke7 36. f5 g5 37. f6+ gxf6 38. exf6+ Kd6 39. h4 gxh4+ 40.
Kxh4 Kc5 41. Kg5 Kd4 42. Kf4 Rh8 43. Rd2+ Kc5 44. Re7 Rh1 45. Ra7 Kb5 46. Rb7+
Kc5 47. Rb4 Re1 48. Rxa4 Re4+ 49. Kg3 c3 50. Rxe4 cxd2 51. b4+ 1-0

[Event "2BLO 2122 SC Bavaria Regensburg 1881 - "]
[Site "?"]
[Date "2022.05.15"]
[Round "6.8"]
[White "Arnhold, Steffi"]
[Black "Kuznecovs, Nikita"]
[Result "0-1"]
[WhiteElo "2127"]
[BlackElo "2279"]
[PlyCount "118"]
[EventDate "2022.??.??"]

1. e4 e6 2. d4 d5 3. Nc3 Nf6 4. e5 Nfd7 5. f4 c5 6. Nf3 Nc6 7. Be3 Be7 8. Qd2
O-O 9. Qf2 f6 10. exf6 Nxf6 11. Bb5 Ng4 12. Qe2 Nxe3 13. Qxe3 cxd4 14. Nxd4 Qb6
15. O-O-O Nxd4 16. Qxd4 Qxd4 17. Rxd4 Bc5 18. Rdd1 a6 19. Ba4 Rxf4 20. Rhe1 Rd4
21. Rd3 Rxd3 22. cxd3 Kf7 23. Rf1+ Ke7 24. Re1 Kd8 25. Rf1 b5 26. Bb3 Ra7 27.
Kd2 Be7 28. d4 Bf6 29. Kd3 Bd7 30. Re1 Kc7 31. Ne2 Kd6 32. a3 a5 33. g3 Rc7 34.
Nf4 a4 35. Ba2 g5 36. Ne2 b4 37. axb4 Bb5+ 38. Ke3 Bxe2 39. Rxe2 Rb7 40. Rf2
Ke7 41. Rd2 Rxb4 42. g4 h6 43. h3 Kd6 44. Bb1 a3 45. Ba2 axb2 46. Bb1 Bg7 47.
Rd3 Kc6 48. Rd2 Kb5 49. Bd3+ Ka4 50. Bb1 Kb3 51. Rd3+ Kc4 52. Ba2+ Kb5 53. Bb1
Ra4 54. Rd2 Kc4 55. Rc2+ Kb3 56. Rd2 Ra1 57. Rd3+ Kb4 58. Rd1 Rxb1 59. Rxb1 Kc3
0-1

[Event "2BLO 2122 SK Passau - SC Erlangen"]
[Site "?"]
[Date "2022.05.15"]
[Round "6.1"]
[White "Miller, Eduard"]
[Black "Diermair, Andreas"]
[Result "1-0"]
[WhiteElo "2344"]
[BlackElo "2461"]
[PlyCount "85"]
[EventDate "2022.??.??"]

1. Nf3 d5 2. g3 Nd7 3. d4 b5 4. e4 dxe4 5. Ng5 Ngf6 6. Bxb5 Bb7 7. f3 a6 8. Ba4
exf3 9. O-O e6 10. Nxf3 Bd6 11. Ne5 O-O 12. Nc6 Qc8 13. Bf4 Kh8 14. Na5 Nb6 15.
Nxb7 Qxb7 16. Bb3 a5 17. a4 Rad8 18. Qf3 c6 19. Be3 Nbd5 20. Bf2 Qb4 21. Na3 e5
22. dxe5 Bxe5 23. Nc4 Bc7 24. Rad1 Rde8 25. Rd4 Re6 26. Nb6 Qd6 27. Nxd5 cxd5
28. Bxd5 Bb6 29. Rd3 Bxf2+ 30. Rxf2 Re1+ 31. Kg2 Qe5 32. b3 h5 33. Qf5 Qa1 34.
Bf3 Rg1+ 35. Kh3 Rf1 36. Be2 Re1 37. Qxa5 Rxe2 38. Rxe2 Qf1+ 39. Rg2 g6 40. Qe5
Kh7 41. Qf4 Qa1 42. Re2 Ng4 43. Kg2 1-0

[Event "2BLO 2122 SK Passau - SC Erlangen"]
[Site "?"]
[Date "2022.05.15"]
[Round "6.2"]
[White "Schwabeneder, Florian"]
[Black "Klek, Hanna Marie"]
[Result "1/2-1/2"]
[WhiteElo "2441"]
[BlackElo "2362"]
[PlyCount "49"]
[EventDate "2022.??.??"]

1. Nf3 d5 2. g3 Nf6 3. Bg2 e6 4. O-O Be7 5. c4 O-O 6. d4 c6 7. Nc3 b6 8. Ne5
Bb7 9. Bf4 Nh5 10. Be3 f6 11. Nf3 f5 12. b3 Nd7 13. Bc1 Rc8 14. Bb2 Ba6 15. Re1
Qe8 16. e3 Nhf6 17. Bf1 Ne4 18. Rc1 Ndf6 19. Ne5 Bd6 20. f3 Nxc3 21. Bxc3 Bb7
22. b4 c5 23. bxc5 bxc5 24. dxc5 Bxc5 25. Bd4 1/2-1/2

[Event "2BLO 2122 SK Passau - SC Erlangen"]
[Site "?"]
[Date "2022.05.15"]
[Round "6.3"]
[White "Mijovic, Stefan"]
[Black "Leisch, Lukas"]
[Result "1/2-1/2"]
[WhiteElo "2397"]
[BlackElo "2410"]
[PlyCount "84"]
[EventDate "2022.??.??"]

1. c4 c6 2. Nf3 d5 3. b3 Nf6 4. Bb2 Bf5 5. g3 h6 6. Bg2 e6 7. O-O Be7 8. d4 O-O
9. Nc3 Nbd7 10. Nd2 Rc8 11. e4 dxe4 12. Ndxe4 Nxe4 13. Nxe4 Nf6 14. Nc3 Rc7 15.
Qe2 Rd7 16. Rad1 Rxd4 17. Rxd4 Qxd4 18. Nd5 Qc5 19. b4 Qd6 20. Be5 Qd8 21.
Nxf6+ gxf6 22. Rd1 Qb6 23. Bc3 Rd8 24. Rxd8+ Qxd8 25. Be4 Bxe4 26. Qxe4 Qd1+
27. Kg2 Kg7 28. Qe3 Qg4 29. Qd3 e5 30. f3 Qg6 31. Qe4 Qxe4 32. fxe4 Kg6 33. g4
b5 34. cxb5 cxb5 35. Bd2 Bd8 36. Kf3 Bb6 37. h3 Bd4 38. Kg2 Kh7 39. Kf3 Kg7 40.
h4 Kg6 41. h5+ Kg7 42. Kg2 Kh7 1/2-1/2

[Event "2BLO 2122 SK Passau - SC Erlangen"]
[Site "?"]
[Date "2022.05.15"]
[Round "6.4"]
[White "Weiss, Christian"]
[Black "Schulz, Lukas"]
[Result "1-0"]
[WhiteElo "2376"]
[BlackElo "2286"]
[PlyCount "45"]
[EventDate "2022.??.??"]

1. d4 Nf6 2. g3 g6 3. Bg2 Bg7 4. e4 d6 5. Nc3 O-O 6. Nge2 Nbd7 7. h3 c5 8. O-O
cxd4 9. Nxd4 Nc5 10. Be3 Bd7 11. Nb3 Qc7 12. e5 Nxb3 13. exf6 Nxa1 14. Nd5 Qxc2
15. Nxe7+ Kh8 16. fxg7+ Kxg7 17. Qxa1 Be6 18. b3+ f6 19. Nd5 Rac8 20. Rc1 Qf5
21. Rxc8 Bxc8 22. f4 Qd3 23. Nxf6 1-0

[Event "2BLO 2122 SK Passau - SC Erlangen"]
[Site "?"]
[Date "2022.05.15"]
[Round "6.5"]
[White "Hilverda, Alexander"]
[Black "Wisnet, Dominic"]
[Result "1-0"]
[WhiteElo "2298"]
[BlackElo "2336"]
[PlyCount "93"]
[EventDate "2022.??.??"]

1. d4 Nf6 2. c4 e6 3. g3 d5 4. Nf3 Be7 5. Bg2 O-O 6. O-O b6 7. Ne5 Bb7 8. Qa4
Qc8 9. Bg5 dxc4 10. Bxb7 Qxb7 11. Qxc4 h6 12. Bxf6 Bxf6 13. Nd3 Rd8 14. e3 Qa6
15. Qc3 c5 16. Ne5 Bxe5 17. dxe5 Nc6 18. f4 Qe2 19. Re1 Rd1 20. Na3 Rad8 21.
Nc4 R8d3 22. Raxd1 Rxd1 23. Rxd1 Qxd1+ 24. Kf2 Nb4 25. Qd2 Nd3+ 26. Kg2 Qxd2+
27. Nxd2 Nxb2 28. Ne4 Nd3 29. Kf3 c4 30. Nc3 a6 31. a4 Kf8 32. Ke4 Ke7 33. Kd4
Nc5 34. Kxc4 Nxa4 35. Nxa4 b5+ 36. Kb4 bxa4 37. Kxa4 Kd7 38. Ka5 Kc6 39. Kxa6
h5 40. Ka7 g5 41. Kb8 Kd5 42. Kc7 Ke4 43. Kd6 h4 44. gxh4 gxh4 45. Ke7 h3 46.
Kxf7 Kf3 47. f5 1-0

[Event "2BLO 2122 SK Passau - SC Erlangen"]
[Site "?"]
[Date "2022.05.15"]
[Round "6.6"]
[White "Testor, Sebastian"]
[Black "Ott, Florian"]
[Result "0-1"]
[WhiteElo "2351"]
[BlackElo "2271"]
[PlyCount "66"]
[EventDate "2022.??.??"]

1. d4 Nf6 2. Nf3 g6 3. c4 Bg7 4. Nc3 O-O 5. e4 d6 6. h3 e5 7. d5 a5 8. g4 Na6
9. Be3 Nd7 10. a3 Nb6 11. Be2 Bd7 12. b3 f5 13. gxf5 gxf5 14. Nd2 Nc8 15. exf5
Ne7 16. Bg5 Bxf5 17. Nde4 Qd7 18. Qd2 Ng6 19. O-O-O Nf4 20. Rdg1 Kh8 21. Bg4
Rae8 22. f3 Qf7 23. Kb2 Bg6 24. h4 h6 25. Be6 Rxe6 26. dxe6 Qxe6 27. Bxf4 exf4
28. Qg2 Rg8 29. Qd2 Bxe4 30. Re1 Nc5 31. Ka2 a4 32. Nxa4 Nxa4 33. Rxe4 Qxe4 0-1

[Event "2BLO 2122 SK Passau - SC Erlangen"]
[Site "?"]
[Date "2022.05.15"]
[Round "6.7"]
[White "Liepold, Stefan"]
[Black "Hellmayr, Alois"]
[Result "1/2-1/2"]
[WhiteElo "2176"]
[BlackElo "2213"]
[PlyCount "87"]
[EventDate "2022.??.??"]

1. e4 c5 2. Nf3 a6 3. c3 d5 4. exd5 Qxd5 5. d4 Nf6 6. Be3 cxd4 7. cxd4 e6 8.
Nc3 Qd6 9. Bd3 Nc6 10. O-O Be7 11. a3 O-O 12. Re1 Bd7 13. Bc2 Rfd8 14. Qd3 g6
15. Rad1 Be8 16. Qe2 Qc7 17. Bb3 Nd5 18. Nxd5 exd5 19. Bg5 Bxg5 20. Nxg5 Qf4
21. Nh3 Qf6 22. Qd2 Ne7 23. Qf4 Qxf4 24. Nxf4 Kf8 25. h4 h5 26. Rc1 Bc6 27. g3
Nf5 28. Red1 Rd6 29. Rc5 Rad8 30. Bc2 Ng7 31. f3 Ne6 32. Nxe6+ Rxe6 33. Kf2
Rde8 34. Bd3 Ke7 35. Re1 Rxe1 36. Kxe1 Kd6+ 37. Kd2 b6 38. Rc3 a5 39. Bc2 Bd7
40. Rb3 Rb8 41. Re3 Rc8 42. Bd3 Rg8 43. f4 f6 44. Be2 1/2-1/2

[Event "2BLO 2122 SK Passau - SC Erlangen"]
[Site "?"]
[Date "2022.05.15"]
[Round "6.8"]
[White "Linhart, Wolfgang"]
[Black "Boehme, Sebastian"]
[Result "0-1"]
[WhiteElo "2145"]
[BlackElo "2126"]
[PlyCount "98"]
[EventDate "2022.??.??"]

1. d4 Nf6 2. Nf3 d5 3. e3 c5 4. c3 Nc6 5. Nbd2 cxd4 6. exd4 Bf5 7. Be2 h6 8.
Nf1 e6 9. Ng3 Bh7 10. Bd3 Bxd3 11. Qxd3 Bd6 12. O-O O-O 13. Be3 Rb8 14. Qd2 Ne4
15. Nxe4 dxe4 16. Ne1 f5 17. f4 Ne7 18. g3 b5 19. a3 Qc7 20. Ng2 a5 21. Rfc1
Rfc8 22. Bf2 Nd5 23. Ne3 Qb7 24. Qe2 Rc7 25. Rc2 g5 26. Nxd5 Qxd5 27. Re1 gxf4
28. gxf4 Rg7+ 29. Bg3 Bxf4 30. Qf2 Qd6 31. Kf1 Bxg3 32. hxg3 Rxg3 33. Re3 Rxe3
34. Qxe3 Kh7 35. Rg2 Rb7 36. Qe2 Qd5 37. Qh5 Rg7 38. Rxg7+ Kxg7 39. Qe8 f4 40.
Qe7+ Kg6 41. Qe8+ Kg5 42. Qg8+ Kh4 43. Qg6 h5 44. Qf6+ Qg5 45. Qxe6 e3 46. Qe4
Qg3 47. Qh1+ Kg4 48. Ke2 Qf2+ 49. Kd3 e2 0-1

[Event "2BLO 2122 MSA Zugzwang - SC Bavaria Reg"]
[Site "?"]
[Date "2022.06.18"]
[Round "7.1"]
[White "Kaczur, Florian"]
[Black "Shengelia, David"]
[Result "1/2-1/2"]
[WhiteElo "2484"]
[BlackElo "2477"]
[PlyCount "85"]
[EventDate "2022.??.??"]

1. e4 c6 2. Nf3 d5 3. Nc3 Bg4 4. h3 Bxf3 5. Qxf3 e6 6. Be2 Nf6 7. O-O Nbd7 8.
d4 Nxe4 9. Nxe4 dxe4 10. Qxe4 Nf6 11. Qd3 Bd6 12. a4 a5 13. Qf3 Nd5 14. Rd1 Qf6
15. Qb3 O-O-O 16. Bf3 Bc7 17. Be3 h5 18. c4 Nb4 19. Bd2 g5 20. Bxb4 axb4 21.
Qe3 Bf4 22. Qe4 g4 23. Be2 gxh3 24. Bf3 hxg2 25. a5 Qh4 26. Bxg2 Bh2+ 27. Kf1
Qxe4 28. Bxe4 Rhg8 29. Bf3 Rg1+ 30. Ke2 Rxd1 31. Rxd1 h4 32. Rh1 Bf4 33. d5
cxd5 34. Rxh4 Bc7 35. cxd5 exd5 36. Rxb4 Bxa5 37. Rf4 Re8+ 38. Kd3 Re7 39. Bxd5
Bc7 40. Rf5 Be5 41. Bxf7 Bxb2 42. f4 Kc7 43. Bc4 1/2-1/2

[Event "2BLO 2122 MSA Zugzwang - SC Bavaria Reg"]
[Site "?"]
[Date "2022.06.18"]
[Round "7.2"]
[White "Bromberger, Stefan"]
[Black "Schneider, Jana"]
[Result "1/2-1/2"]
[WhiteElo "2483"]
[BlackElo "2338"]
[PlyCount "107"]
[EventDate "2022.??.??"]

1. Nf3 d5 2. d4 Nf6 3. c4 e6 4. Nc3 a6 5. c5 b6 6. cxb6 c5 7. Bf4 Bd6 8. Bxd6
Qxd6 9. Rc1 Nbd7 10. e3 Qxb6 11. b3 Ne4 12. Nxe4 dxe4 13. dxc5 Nxc5 14. Qd4
Nd3+ 15. Bxd3 Qxd4 16. Nxd4 exd3 17. Kd2 e5 18. Nc6 e4 19. f3 f5 20. Rc5 O-O
21. Rhc1 Bd7 22. Ne7+ Kh8 23. Rd5 Bc8 24. Rc7 Rb8 25. Rdc5 Be6 26. R7c6 Bd7 27.
Rc7 Be6 28. R5c6 Bf7 29. Rxa6 Bh5 30. f4 Bf7 31. Raa7 g6 32. Nc6 Rbc8 33. Nd4
Kg8 34. a4 Rxc7 35. Rxc7 Rb8 36. Kc3 d2 37. Kxd2 Bxb3 38. Nxb3 Rxb3 39. Rc3
Rb2+ 40. Rc2 Rb6 41. a5 Ra6 42. Ra2 Kf7 43. Kc3 Ke7 44. Kd4 Kd6 45. g4 fxg4 46.
Kxe4 Ke6 47. Kd4 Kf5 48. Kc5 Ke4 49. Kb5 Ra8 50. Rg2 h5 51. Rg3 Rb8+ 52. Kc6
Ra8 53. Kb6 Rb8+ 54. Kc6 1/2-1/2

[Event "2BLO 2122 MSA Zugzwang - SC Bavaria Reg"]
[Site "?"]
[Date "2022.06.18"]
[Round "7.3"]
[White "Kilgus, Georg"]
[Black "Kindermann, Stefan"]
[Result "0-1"]
[WhiteElo "2387"]
[BlackElo "2461"]
[PlyCount "55"]
[EventDate "2022.??.??"]

1. Nf3 d5 2. d4 e6 3. Bf4 Bd6 4. e3 Ne7 5. Nbd2 Bxf4 6. exf4 c5 7. dxc5 Qc7 8.
g3 Qxc5 9. Bd3 Qb6 10. Rb1 Nd7 11. b4 a5 12. a3 axb4 13. axb4 Nf6 14. O-O O-O
15. Ne5 Bd7 16. g4 Bb5 17. c4 dxc4 18. Ndxc4 Qc7 19. Qf3 Nfd5 20. Rfc1 Rac8 21.
Rc2 Ba4 22. Rcc1 f6 23. Qe4 g6 24. Nb2 Qxc1+ 25. Rxc1 Rxc1+ 26. Kg2 fxe5 27.
Nxa4 Nxf4+ 28. Kg3 0-1

[Event "2BLO 2122 MSA Zugzwang - SC Bavaria Reg"]
[Site "?"]
[Date "2022.06.18"]
[Round "7.4"]
[White "Hertneck, Gerald"]
[Black "Pezelj, Novak"]
[Result "0-1"]
[WhiteElo "2467"]
[BlackElo "2482"]
[PlyCount "114"]
[EventDate "2022.??.??"]

1. d4 e6 2. e4 d5 3. Nc3 Nf6 4. e5 Nfd7 5. f4 c5 6. Nf3 Nc6 7. Be3 cxd4 8. Nxd4
Nxd4 9. Bxd4 Nb8 10. Bd3 Nc6 11. Bf2 Be7 12. h4 Qa5 13. O-O Bd7 14. a3 a6 15.
h5 g5 16. hxg6 hxg6 17. Qd2 Qc7 18. Rae1 g5 19. Na4 Nxe5 20. fxe5 Bxa4 21. Bd4
Rh4 22. c3 f5 23. exf6 Qh2+ 24. Kf2 Rf4+ 25. Ke3 Bd6 26. Qe2 Re4+ 27. Bxe4 Bf4+
28. Kd3 Bb5+ 29. Kc2 Bxe2 30. Bg6+ Kd7 31. Rxe2 e5 32. Bc5 Ke6 33. Be7 e4 34.
Bf5+ Ke5 35. Rd1 Rh8 36. Bg6 e3 37. Bf7 Qh7+ 38. Rd3 Qxf7 39. g3 Qg6 40. Bc5
Rh1 41. Bd4+ Ke6 42. gxf4 gxf4 43. Bxe3 fxe3 44. Rexe3+ Kxf6 45. Kb3 Rh2 46.
Rg3 Qh7 47. Rgf3+ Kg7 48. Ka2 Qe4 49. Rg3+ Kh6 50. Rd4 Qe2 51. Rb4 b5 52. a4 a5
53. Rxb5 Qc4+ 54. Ka3 Rh1 55. b3 Ra1+ 56. Kb2 Qf1 57. Rb6+ Kh5 0-1

[Event "2BLO 2122 MSA Zugzwang - SC Bavaria Reg"]
[Site "?"]
[Date "2022.06.18"]
[Round "7.5"]
[White "Goldbeck, Lars"]
[Black "Zysk, Robert"]
[Result "1/2-1/2"]
[WhiteElo "2212"]
[BlackElo "2404"]
[PlyCount "84"]
[EventDate "2022.??.??"]

1. d4 d5 2. c4 c6 3. Nf3 Nf6 4. Qc2 g6 5. cxd5 cxd5 6. Bf4 Nc6 7. e3 Bg7 8. Be2
O-O 9. O-O Nh5 10. Bg5 h6 11. Bh4 Bf5 12. Qb3 g5 13. Bg3 Nxg3 14. hxg3 Rb8 15.
Nc3 e6 16. Rac1 Qe7 17. Na4 h5 18. Nc5 g4 19. Ne1 Rfc8 20. Ned3 b6 21. Na6 Ra8
22. Nf4 h4 23. Qd1 hxg3 24. fxg3 Qg5 25. Qa4 Ne7 26. Nc7 Rab8 27. Qxa7 Be4 28.
Na6 Ra8 29. Qb7 e5 30. dxe5 Bxe5 31. b3 Rd8 32. Nb4 Rab8 33. Qa6 Nf5 34. Nc6
Nxg3 35. Nxb8 Nxf1 36. Bxf1 Bxf4 37. exf4 Qxf4 38. Rc8 Qe3+ 39. Kh1 Qh6+ 40.
Kg1 Qe3+ 41. Kh1 Qh6+ 42. Kg1 Qe3+ 1/2-1/2

[Event "2BLO 2122 MSA Zugzwang - SC Bavaria Reg"]
[Site "?"]
[Date "2022.06.18"]
[Round "7.7"]
[White "Kleibel, Uwe"]
[Black "Gerigk, Erasmus"]
[Result "0-1"]
[WhiteElo "2186"]
[BlackElo "2313"]
[PlyCount "114"]
[EventDate "2022.??.??"]

1. e4 c5 2. Nf3 Nc6 3. d4 cxd4 4. Nxd4 e5 5. Nb5 d6 6. c4 Be6 7. N5c3 Nf6 8.
Bd3 Be7 9. Nd5 O-O 10. Nbc3 Nd7 11. Be3 Bg5 12. Qd2 Bxe3 13. fxe3 Rc8 14. O-O
Nb6 15. b3 Ne7 16. Nxe7+ Qxe7 17. Rad1 a6 18. Be2 Rfd8 19. Bf3 Rc6 20. Rc1 Nd7
21. Nd5 Qg5 22. Qf2 Bxd5 23. cxd5 Rxc1 24. Rxc1 Nc5 25. Rc3 a5 26. a3 Ra8 27.
g3 Qd8 28. Qc2 Qb6 29. Kg2 g6 30. h4 Kg7 31. Bg4 Rf8 32. Kh2 Re8 33. Kg2 Re7
34. Kh2 Rc7 35. Be2 h6 36. Kg2 Kf8 37. h5 Ke8 38. a4 Kf8 39. Kh2 Kg7 40. Kg2
Re7 41. Bf3 Re8 42. Kh2 Kh7 43. Kg2 Rg8 44. Bg4 Qc7 45. Qf2 Qe7 46. Qf3 Kg7 47.
Kh2 Qg5 48. Kg2 Rb8 49. Kh2 b5 50. axb5 Rxb5 51. hxg6 fxg6 52. Be6 Qh5+ 53.
Qxh5 gxh5 54. Rc2 Rxb3 55. Rf2 Rb7 56. Bf5 a4 57. Ra2 Rb3 0-1

[Event "2BLO 2122 MSA Zugzwang - SC Bavaria Reg"]
[Site "?"]
[Date "2022.06.18"]
[Round "7.8"]
[White "Eichler, Christoph"]
[Black "Dechant, Georg"]
[Result "1-0"]
[WhiteElo "2301"]
[BlackElo "2017"]
[PlyCount "63"]
[EventDate "2022.??.??"]

1. Nf3 c5 2. e3 Nf6 3. d4 e6 4. c4 d5 5. a3 Nbd7 6. Nc3 Be7 7. cxd5 exd5 8. Be2
O-O 9. O-O a6 10. dxc5 Nxc5 11. b4 Nce4 12. Bb2 Be6 13. Nd4 Bd6 14. Nxe4 Nxe4
15. Bf3 Bd7 16. Ne2 Bb5 17. Qd4 Qg5 18. a4 Rfe8 19. h4 Qh6 20. axb5 Be5 21.
Qxe5 Rxe5 22. Bxe5 Re8 23. bxa6 bxa6 24. Bxe4 Rxe5 25. Bf3 Qxh4 26. Rxa6 g5 27.
Nd4 g4 28. g3 Qg5 29. Bg2 h5 30. Rc1 h4 31. Rc8+ Kg7 32. Raa8 1-0